000 00469nam a2200205Ia 4500
001 13095
003 GE_BSU
008 181216s||||||||xx |||||||||||||| ||und||
020 _a9780708866252
040 _cGE_BSU
080 _a821.111-3
100 _aCast,Krisdin and P.C.
245 _aMarked:A house of night novel.
260 _aLondon.
260 _bAtom.
260 _c2007
300 _a350p;20cm.
653 _aMarked:A house of night novel.
942 _cBK
999 _c46261
_d46261